000 00409nam a2200169Ia 4500
001 12106
003 IN-NITTTR
005 20251114233113.0
008 251113s9999||||xx |||||||||||||| ||eng||
040 _beng
040 _cIN-NITTTR
041 _aeng
082 _a658 H414D
100 _aHerbert, Theodore T.
245 0 _aDimensions of organizational behavior /
_cHerbert, Theodore T.
942 _2ddc
_cBK
999 _c14742
_d14742